Behaviour genetics and evolution (Record no. 84608)
[ view plain ]
| 000 -LEADER | |
|---|---|
| fixed length control field | 00739nam a2200181 a 4500 |
| 008 - FIXED-LENGTH DATA ELEMENTS--GENERAL INFORMATION | |
| fixed length control field | 120416s1981 ||||||||||||||||| || u |
| 050 ## - LIBRARY OF CONGRESS CALL NUMBER | |
| Classification number | QH 457 Her |
| 100 ## - MAIN ENTRY--PERSONAL NAME | |
| Personal name | Ehrman, Lee |
| 245 10 - TITLE STATEMENT | |
| Title | Behaviour genetics and evolution |
| 260 ## - PUBLICATION, DISTRIBUTION, ETC. | |
| Place of publication, distribution, etc. | New York |
| Name of publisher, distributor, etc. | McGraw-Hill |
| Date of publication, distribution, etc. | 1981 |
| 300 ## - PHYSICAL DESCRIPTION | |
| Extent | xiv, 450p. : ill |
| 350 ## - | |
| -- | 0.00 |
| 650 #0 - SUBJECT ADDED ENTRY--TOPICAL TERM | |
| Topical term or geographic name entry element | GENETICS |
| 650 ## - SUBJECT ADDED ENTRY--TOPICAL TERM | |
| Topical term or geographic name entry element | EVOLUTION (BIOLOGY) |
| 650 ## - SUBJECT ADDED ENTRY--TOPICAL TERM | |
| Topical term or geographic name entry element | HUMAN GENETICS |
| 995 ## - | |
| -- | ANNEX COLLECTION (Main Library) |
| -- | 0.00 |
| -- | 710404 |
| -- | CBU-MAIN LIBRARY (Kitwe) |
| -- | 1 |
| -- | 34.50 |
| -- | QH 457 Ehr |
| -- | 3 |
| -- | AVAILABLE |
| -- | 015517 |
| -- | Annex Low-Usage Collection |
| 995 ## - | |
| -- | MAIN LIBRARY OPEN ACCESS |
| -- | 0.00 |
| -- | 710402 |
| -- | CBU-MAIN LIBRARY (Kitwe) |
| -- | 4 |
| -- | 34.50 |
| -- | QH 457 Ehr |
| -- | 1 |
| -- | AVAILABLE |
| -- | Mar 11, 2013 |
| -- | 015515 |
| -- | Main Library Open Access Collection |
| 999 ## - | |
| -- | 84608 |
| -- | 84608 |
No items available.